00333 a2200109 4500001001000000005001700010008004100027245006900068100001900137773005000156999001700206ART_4617520260410162053.0260409a 10aLas urbanizaciones privadas cerradas en Santo Tomé, Santa Fé1 aPallud, Pamela0 tPampag- Año 6, Nº 6 (nov. 2010)wREV46129 c36028d36028